Ancient plants : (Record no. 11431)
[ view plain ]
| 000 -LEADER | |
|---|---|
| fixed length control field | 00765cam a22002411 4500 |
| 001 - CONTROL NUMBER | |
| control field | 11431 |
| 003 - CONTROL NUMBER IDENTIFIER | |
| rucl marc code | BD-RjUL |
| 005 - DATE AND TIME OF LATEST TRANSACTION | |
| control field | 20211208235126.0 |
| 008 - FIXED-LENGTH DATA ELEMENTS--GENERAL INFORMATION | |
| fixed length control field | 140126r19641947nyua b 001 0 eng |
| 035 ## - SYSTEM CONTROL NUMBER | |
| System control number | (BD-RjUL)11480 |
| 040 ## - CATALOGING SOURCE | |
| Original cataloging agency | DLC |
| Transcribing agency | DLC |
| Modifying agency | BD-RjUL |
| Language of cataloging | eng |
| 041 ## - LANGUAGE CODE | |
| Language code of text/sound track or separate title | eng |
| 082 00 - DEWEY DECIMAL CLASSIFICATION NUMBER | |
| Classification number | 561 |
| Author mark and year | ANA 1964 |
| 100 1# - MAIN ENTRY--PERSONAL NAME | |
| Personal name | Andrews, Henry N. |
| Fuller form of name | (Henry Nathaniel), |
| Dates associated with a name | 1910-2002. |
| 9 (RLIN) | 35333 |
| 245 10 - TITLE STATEMENT | |
| Title | Ancient plants : |
| Statement of responsibility, etc. | Henry N. Andrews, with drawings by Anna Schutte. |
| Remainder of title | and the world they lived in / |
| 260 ## - PUBLICATION, DISTRIBUTION, ETC. (IMPRINT) | |
| Place of publication, distribution, etc. | Ithaca ; N.Y. : |
| Name of publisher, distributor, etc. | Comstock Pub. Co., |
| Date of publication, distribution, etc. | 1947 [reprint 1964]. |
| 300 ## - PHYSICAL DESCRIPTION | |
| Pagination | ix, 279 p. : |
| Illustrations | illus. ; |
| Size | 24 cm. |
| 504 ## - BIBLIOGRAPHY, ETC. NOTE | |
| Bibliography, etc | Includes bibliographies and index. |
| 650 #0 - SUBJECT ADDED ENTRY--TOPICAL TERM | |
| Topical term or geographic name as entry element | Paleobotany. |
| 9 (RLIN) | 35334 |
| 942 ## - ADDED ENTRY ELEMENTS (KOHA) | |
| Source of classification or shelving scheme | Dewey Decimal Classification |
| Koha item type | Books |
| Lost status | Source of classification or shelving scheme | Damaged status | Not for loan | Collection code | Permanent Location | Current Location | Shelving location | Date acquired | Source of acquisition | Cost, normal purchase price | Total Checkouts | Full call number | Date last seen | Copy number | Koha item type |
|---|---|---|---|---|---|---|---|---|---|---|---|---|---|---|---|
| Dewey Decimal Classification | Not For Loan | Non-fiction | Central Library, University of Rajshahi | Central Library, University of Rajshahi | Reading Room | 19/09/1970 | Zeitlinger | 74.00 | 561 ANA 1964 | 26/01/2014 | C-1 | Books |